K NIEKTORÝM PROBLÉMOM VYUČOVANIA NEMECKÉHO JAZYKA NA FAKULTE VÝROBNÝCH TECHNOLÓGIÍ

Bibliographic Details
Main Author: Splitková, Magdaléna (Author)
Format: Article
Language:Slovak
ISBN:8096759337

MARC

LEADER 00000naa a2200000uu 4500
001 vtls010952557
003 SK-MaSNL
005 20260302123712.0
008 210906|1997 xo |||||||||||||||||slo|
015 |a SNBRA 
035 |a (urnnbn)urn:nbn:sk:snk:ar-a0bkwx 
035 |a (uuid)2703dd52-0bfd-45cc-9cf4-7e321323e2a5 
035 |a urn:nbn:sk:snk-aaucxd 
040 |a SNKBUCL  |b slo  |c SNKBUCL  |e AACR2 
041 0 |a slo 
044 |a xo  |c SK 
100 1 |a Splitková, Magdaléna  |4 aut  |9 7960 
245 1 0 |a K NIEKTORÝM PROBLÉMOM VYUČOVANIA NEMECKÉHO JAZYKA NA FAKULTE VÝROBNÝCH TECHNOLÓGIÍ  |c Magdaléna Splitková 
773 0 |t Informačný systém v riadení štátnej správy, samosprávy, malých a stredných podnikov a vo vyučovacom procese  |d Košice : Informatech, 1997  |g S. 185-189  |z 8096759337 
958 |a OND 
958 |a article11 
958 |a chapter 
999 |c 1284331  |d 1286261